000 00539nam a22001817a 4500
005 20251108165354.0
008 250721s2000 xx 000 0 ara d
020 _aisbn 9957170333
082 1 4 _aًً657.48/مطر
100 1 _aمطر، محمد
245 1 0 _aالمحاسبة المالية (2) :
_bمشاكل القياس و الإفصاح و التحليل /
264 1 _aعمان :
_bدار حنين،
_c2000.
300 _a
650 1 7 _aالمحاسبة
650 1 7 _aالسجلات
942 _2ddc
_cBK
999 _c26343
_d26343